ბათუმის შოთა რუსთაველის სახელმწიფო უნივერსიტეტის ბიბლიოთეკა

Экономика организация и планирование работы автомобильного транспорта. (ბიბ.ჩანაწერი № 40376)

000 -LEADER
fixed length control field 00799nam a2200217Ia 4500
001 - CONTROL NUMBER
control field 6984
003 - CONTROL NUMBER IDENTIFIER
control field GE_BSU
008 - FIXED-LENGTH DATA ELEMENTS--GENERAL INFORMATION
fixed length control field 181216s||||||||xx |||||||||||||| ||und||
040 ## - CATALOGING SOURCE
Transcribing agency GE_BSU
080 ## - UNIVERSAL DECIMAL CLASSIFICATION NUMBER
Universal Decimal Classification number 656.13+338
100 ## - MAIN ENTRY--PERSONAL NAME
Personal name Анисимов,А.П. Юфин,В.К.
245 ## - TITLE STATEMENT
Title Экономика организация и планирование работы автомобильного транспорта.
245 ## - TITLE STATEMENT
Remainder of title Учебник.
245 ## - TITLE STATEMENT
Statement of responsibility, etc. Ред. А.П.Седова.
260 ## - PUBLICATION, DISTRIBUTION, ETC.
Place of publication, distribution, etc. М.
260 ## - PUBLICATION, DISTRIBUTION, ETC.
Name of publisher, distributor, etc. Транспорт.
260 ## - PUBLICATION, DISTRIBUTION, ETC.
Date of publication, distribution, etc. 1980.
300 ## - PHYSICAL DESCRIPTION
Extent 328стр. с илл. 22см. библиогр.:стр.325.
653 ## - INDEX TERM--UNCONTROLLED
Uncontrolled term Экономика организация и планирование работы автомобильного транспорта.
942 ## - ADDED ENTRY ELEMENTS (KOHA)
Koha item type წიგნი
ეგზემპლარები
Withdrawn status Lost status Damaged status Not for loan Date acquired Barcode Date last seen Price effective from Koha item type
        2018-12-17 10151 2018-12-17 2018-12-17 წიგნი
        2018-12-17 10152 2018-12-17 2018-12-17 წიგნი